RICS housing market update (Record no. 110362)
[ view plain ]
| 000 -LEADER | |
|---|---|
| fixed length control field | 01394cad a22002295a 4500 |
| 001 - CONTROL NUMBER | |
| control field | L149071 |
| 008 - FIXED-LENGTH DATA ELEMENTS--GENERAL INFORMATION | |
| fixed length control field | 100106e20091222xxkad f s 000 0 eng u |
| 035 ## - SYSTEM CONTROL NUMBER | |
| System control number | (Sirsi) u149071 |
| 041 0# - LANGUAGE CODE | |
| Language code of text/sound track or separate title | eng |
| 050 04 - LIBRARY OF CONGRESS CALL NUMBER | |
| Classification number | 333.33 $2 18 |
| 110 1# - MAIN ENTRY--CORPORATE NAME | |
| Corporate name or jurisdiction name as entry element | Royal Institution of Chartered Surveyors |
| Subordinate unit | Economics |
| 9 (RLIN) | 5033 |
| 245 00 - TITLE STATEMENT | |
| Title | RICS housing market update |
| Remainder of title | December 2009 |
| Medium | [electronic resource] |
| 260 ## - PUBLICATION, DISTRIBUTION, ETC. | |
| Place of publication, distribution, etc. | London |
| Name of publisher, distributor, etc. | RICS |
| Date of publication, distribution, etc. | 2009 |
| 490 #0 - SERIES STATEMENT | |
| Series statement | RICS UK Housing Market Forecast |
| Volume/sequential designation | 2009 |
| 520 ## - SUMMARY, ETC. | |
| Summary, etc. | Imbalance between supply and demand will continue into the early part of 2010 resulting in further house price gains. Combination of more available property and the beginning of the exit strategy from the big stimulus programmes that have helped support the economy may exert a great influence. Transaction levels are likely to rise to a monthly average of 70 000. Ongoing caution of lenders, uncertainties in the economy and a flat labour market are all likely to present challenges resulting in prices at the end of 2010 only one or two percent highter than at the beginning of the year. |
| 590 ## - LOCAL NOTE (RLIN) | |
| Local note | KA |
| 650 24 - SUBJECT ADDED ENTRY--TOPICAL TERM | |
| Topical term or geographic name entry element | RICS UK HOUSING MARKET FORECAST |
| 651 #4 - SUBJECT ADDED ENTRY--GEOGRAPHIC NAME | |
| Geographic name | United Kingdom |
| Chronological subdivision | |
| 690 ## - LOCAL SUBJECT ADDED ENTRY--TOPICAL TERM (OCLC, RLIN) | |
| Topical term or geographic name as entry element | PROPERTY-RESIDENTIAL PROPERTY-RESIDENTIAL PROPERTY MARKET |
| 856 40 - ELECTRONIC LOCATION AND ACCESS | |
| Uniform Resource Identifier | <a href="https://www.rics.org/site/download_feed.aspx?fileID=1644&fileExtension=PDF ">https://www.rics.org/site/download_feed.aspx?fileID=1644&fileExtension=PDF </a> |
| Public note | View the item free of charge at www.rics.org... |
| 942 ## - ADDED ENTRY ELEMENTS (KOHA) | |
| Suppress in OPAC | 0 |
| Withdrawn status | Lost status | Source of classification or shelving scheme | Damaged status | Not for loan | Home library | Current library | Shelving location | Date acquired | Total Checkouts | Full call number | Barcode | Date last seen | Copy number | Price effective from | Koha item type |
|---|---|---|---|---|---|---|---|---|---|---|---|---|---|---|---|
| Dewey Decimal Classification | Virtual | Virtual | Online | 06/01/2010 | ONLINE PUBLICATION | 149071-2001 | 06/08/2019 | 1 | 06/08/2019 | Book |